Ensayo sobre la adquisicion a non domino de bienes muebles / (Registro nro. 12467)
[ vista simple ]
| 000 -CABECERA | |
|---|---|
| campo de control de longitud fija | 00917cam a2200277ua 4500 |
| 001 - NÚMERO DE CONTROL | |
| campo de control | 000012817 |
| 005 - FECHA Y HORA DE LA ÚLTIMA TRANSACCIÓN | |
| campo de control | 20200929163100.0 |
| 008 - DATOS DE LONGITUD FIJA--INFORMACIÓN GENERAL | |
| campo de control de longitud fija | 850515s1965 ve 000 e spa |
| 010 ## - NÚMERO DE CONTROL DE LA BIBLIOTECA DEL CONGRESO | |
| Número de control de LC | 67044993 |
| 040 ## - FUENTE DE LA CATALOGACIÓN | |
| Centro catalogador/agencia de origen | DO-SdBNP |
| Centro/agencia transcriptor | CarP |
| Centro/agencia modificador | DLC |
| 041 ## - CÓDIGO DE LENGUA | |
| Código de lengua del texto/banda sonora o título independiente | BNGR |
| 043 ## - CÓDIGO DE ÁREA GEOGRÁFICA | |
| Código de área geográfica | s-ve--- |
| 050 00 - SIGNATURA TOPOGRÁFICA DE LA BIBLIOTECA DEL CONGRESO | |
| Número de clasificación | KHW562 |
| Número de documento/Ítem | .K86 1965 |
| 082 ## - NÚMERO DE LA CLASIFICACIÓN DECIMAL DEWEY | |
| Número de clasificación | xxx |
| Número de documento/Ítem | K96e |
| 049 ## - FONDOS LOCALES (OCLC) | |
| Fondos de biblioteca | BNGR |
| 100 1# - ENTRADA PRINCIPAL--NOMBRE DE PERSONA | |
| Nombre de persona | Kummerow, Gert. |
| 9 (RLIN) | 29631 |
| 245 10 - MENCIÓN DE TÍTULO | |
| Título | Ensayo sobre la adquisicion a non domino de bienes muebles / |
| Mención de responsabilidad, etc. | Gert Kummerow. |
| 260 ## - PUBLICACIÓN, DISTRIBUCIÓN, ETC. | |
| Lugar de publicación, distribución, etc. | Caracas : |
| Nombre del editor, distribuidor, etc. | Universidad Central, |
| Fecha de publicación, distribución, etc. | 1965. |
| 300 ## - DESCRIPCIÓN FÍSICA | |
| Extensión | 113 p. ; |
| Dimensiones | 24 cm. |
| 500 ## - NOTA GENERAL | |
| Nota general | Incluye notas al pie de páginas |
| 500 ## - NOTA GENERAL | |
| Nota general | Incluye bibliografía |
| 650 #0 - PUNTO DE ACCESO ADICIONAL DE MATERIA--TÉRMINO DE MATERIA | |
| Término de materia o nombre geográfico como elemento de entrada | Possession (law) |
| Subdivisión geográfica | Venezuela. |
| 9 (RLIN) | 29632 |
| 650 #0 - PUNTO DE ACCESO ADICIONAL DE MATERIA--TÉRMINO DE MATERIA | |
| Término de materia o nombre geográfico como elemento de entrada | Acquisition of property |
| Subdivisión geográfica | Venezuela. |
| 9 (RLIN) | 29633 |
| 810 1# - PUNTO DE ACCESO ADICIONAL DE SERIE--NOMBRE DE ENTIDAD CORPORATIVA | |
| Nombre de entidad corporativa o nombre de jurisdicción como elemento de entrada | Venezuela. |
| Unidad subordinada | Universidad Central, Caracas. |
| -- | Facultad de Derecho. |
| Título de la obra | Publicaciones, |
| Designación de volumen o secuencia | 33. |
| 9 (RLIN) | 29634 |
| 910 ## - DATOS DE OPCIÓN DEL USUARIO (OCLC) | |
| Datos de opción del usuario | Catalogación por copia / LC |
| Estado de retiro | Estado de pérdida | Restricciones de uso | No para préstamo | Código de colección | Localización permanente | Ubicación/localización actual | Ubicación en estantería | Fecha de adquisición | Número de inventario | Total de préstamos | Signatura topográfica completa | Código de barras | Fecha visto por última vez | Precio válido a partir de | Tipo de ítem Koha |
|---|---|---|---|---|---|---|---|---|---|---|---|---|---|---|---|
| Préstamo interno | Préstamo restrigido | Monografías: Libros y Folletos | General | General | En encuadernación | 17.11.2009 | LF1 | xxx K96e | 12817-10 | 25.06.2020 | 25.06.2020 | Préstamo interno |
